Rhymes With Role Quiz Stats

 Plays Quiz Updated Mar 11, 2015

Also try: Rhymes With Oak
Challenge
Share
Tweet
Embed
Score 0/32 Timer 05:00
7 Plays Today
% Correct
mole
96.6%
dole
94.1%
hole
92.9%
pole
92%
goal
86.4%
toll
86.2%
roll
85%
coal
83%
sole
81%
bowl
80%
foal
79.8%
bole
75.1%
cole
74.4%
stole
70.8%
vole
70%
soul
68.9%
% Correct
sol
68%
troll
67.2%
tole
65.9%
poll
64.9%
boll
61.7%
droll
53.5%
shoal
49.9%
whole
48.2%
knoll
45.6%
stroll
38.7%
ole
34.7%
prole
28.3%
skoal
20.6%
scroll
19.4%
kohl
9%
dhole
4.3%

You're not logged in!

Compare scores with friends on all Sporcle quizzes.
Join for Free
OR
Log In

You Might Also Like...

Show Comments

Extras

Top Quizzes Today


Score Distribution

Your Account Isn't Verified!

In order to create a playlist on Sporcle, you need to verify the email address you used during registration. Go to your Sporcle Settings to finish the process.

Report this User

Report this user for behavior that violates our Community Guidelines.

Details: